Wypisz wszystkich sąsiadów następujących krajów #1 - Statystyki

Ogólne statystyki
  • Ten quiz został rozwiązany 9 359 razy
    531 od ostatniego zresetowania
  • Średni wynik to 43 z 55
Statystyki odpowiedzi
Hint Odpowiedź % Poprawnych
Niemcy
100%
Rosja
100%
Rosja
100%
Rosja
100%
Polska Białoruś
99%
Czechy
99%
Litwa
99%
Słowacja
99%
Ukraina
98%
Mongolia
91%
Brazylia Argentyna
89%
Chorwacja
89%
Kosowo
88%
Indie
87%
Rumunia
87%
Korea Północna
86%
Bułgaria
85%
Kolumbia
85%
Urugwaj
85%
Serbia Bośnia i Hercegowina
84%
Czarnogóra
84%
Macedonia
84%
Wenezuela
84%
Peru
83%
Węgry
83%
Boliwia
81%
Kazachstan
81%
Chiny Nepal
79%
Paragwaj
79%
Wietnam
79%
Gujana
77%
Pakistan
76%
Kirgistan
75%
Laos
75%
Niger
75%
Tadżykistan
75%
Afganistan
74%
Kongo
74%
Surinam
74%
Bhutan
72%
Mjanma
70%
Demokratyczna republika konga Angola
65%
Mauretania
64%
Zambia
64%
Senegal
63%
Mali Algieria
62%
Republika Środkowoafrykańska
62%
Tanzania
61%
Uganda
60%
Gwinea
59%
Rwanda
58%
Sudan Południowy
55%
Burkina Faso
53%
Wybrzeże Kości Słoniowej
53%
Burundi
51%
Nie znaleziono quizów pasujących do podanych kryteriów
Rozkład punktacji
Procent ludzi z każdym wynikiem
Percentyl według liczby udzielonych odpowiedzi
Twoja historia wyników
Nie rozwiązałeś tego quizu od ostatniego zresetowania